| 000 | 01527nam1a2200349 i 4500 | ||
|---|---|---|---|
| 001 | RU\NLR\bibl\1272250 | ||
| 005 | 20260406132513.0 | ||
| 035 | _a(NLR Aleph) 001258117 | ||
| 090 |
_a361750 _c361750 |
||
| 100 | _a20080911g20089999u y0rusy50 ca | ||
| 101 | 1 |
_arus _ceng |
|
| 102 | _aRU | ||
| 105 | _ac ||||||||| | ||
| 200 | 1 |
_aБеседы с Нострадамусом _e[в 3 т.] _fДолорес Кэннон _g[пер. с англ. Сергей Пейлиян (Пахлеванянц)] |
|
| 210 |
_aМосква _cСтигмарион _d2008 |
||
| 215 | _d21 | ||
| 300 | _aЗагл. и авт. ориг.: Conversations with Nostradamus / Dolores Cannon | ||
| 300 | _aНа обороте тит. л. авт.: Д. Кэннон, гипнотизер-регрессионист | ||
| 454 | 0 |
_12001#$aConversations with Nostradamus$zeng _1700#1$aCannon$bD.$gDolores$4070 _tConversations with Nostradamus _aCannon, Dolores |
|
| 463 | 0 | _10011241945 | |
| 463 | 0 | _10011456027 | |
| 600 | 1 |
_aНострадамус _bМ. _f1505 - 1566 _gМишель _91561978 _3RU\NLR\auth\66683301 |
|
| 606 |
_aПророки и пророчества _92048431 _3RU\NLR\auth\66944830 |
||
| 686 | _aЭ391.224 | ||
| 700 | 1 |
_aКэннон _bД. _gДолорес _4070 |
|
| 702 | 1 |
_4570 _7ca _8rus _aНострадамус _bМ. _f1503-1566 _gМишель _3RU\NLR\auth\771907 _9111924 |
|
| 801 | 0 |
_aRU _bNLR _c20080911 _gRCR |
|
| 801 | 1 |
_aRU _bNLR _c20080911 |
|
| 852 |
_aNLR _j2008-3/18047 |
||
| 942 | _cBOOK | ||